<?xml version="1.0" encoding="UTF-8"?>
<marc:record xmlns:marc="http://www.loc.gov/MARC21/slim">
   <marc:leader>00000nam a2200000 a 4500</marc:leader>
   <marc:datafield ind1="1" ind2=" " tag="100">
      <marc:subfield code="a">Ramsmaier, Karl</marc:subfield>
      <marc:subfield code="4">aut</marc:subfield>
      <marc:subfield code="e">Verfasser/-in</marc:subfield>
   </marc:datafield>
   <marc:datafield ind1=" " ind2=" " tag="653">
      <marc:subfield code="a">Zweiter Weltkrieg</marc:subfield>
   </marc:datafield>
   <marc:datafield ind1=" " ind2=" " tag="653">
      <marc:subfield code="a">Seelsorger</marc:subfield>
   </marc:datafield>
   <marc:datafield ind1=" " ind2=" " tag="653">
      <marc:subfield code="a">Arbeiterseelsorge</marc:subfield>
   </marc:datafield>
   <marc:datafield ind1=" " ind2=" " tag="653">
      <marc:subfield code="a">Steyr</marc:subfield>
   </marc:datafield>
   <marc:datafield ind1=" " ind2=" " tag="653">
      <marc:subfield code="a">Pater</marc:subfield>
   </marc:datafield>
   <marc:datafield ind1="0" ind2="0" tag="245">
      <marc:subfield code="a">P.Josef Meindl SJ</marc:subfield>
   </marc:datafield>
   <marc:datafield ind1="0" ind2="0" tag="245">
      <marc:subfield code="b">ein Pionier der Arbeiterseelsorge in Steyr</marc:subfield>
   </marc:datafield>
   <marc:datafield ind1="0" ind2="0" tag="245">
      <marc:subfield code="c">Karl Ramsmaier</marc:subfield>
   </marc:datafield>
   <marc:datafield ind1=" " ind2="1" tag="264">
      <marc:subfield code="a">Wien</marc:subfield>
      <marc:subfield code="b">Österr. Provinz der Gesellschaft Jesu</marc:subfield>
      <marc:subfield code="c">2021</marc:subfield>
   </marc:datafield>
   <marc:datafield ind1="1" ind2=" " tag="520">
      <marc:subfield code="a">Der oberösterreichische Jesuitenpater Josef Meindl war ein Seelsorger, der bei den Menschen sein wollte. Ich habe ihn als Benedeiktiner von St. Lambrecht, als Pater und dann als Abt, bei Seelsorgsgesprächen am Grazer Dom kennen und schätzen gelernt. Erst als Bischof der Diözese Linz erfuhr ich von seinen Pionierarbeiten im Zweiten Weltkrieg in Steyr-Münichholz und danach in Lenzing und in Riedersbach in Oberösterreich. In dieser kompakten Broschüre wird vor allem sein Wirken in Steyr nachgezeichnet. Sein Hauptaugenmerk galt der sogenannten Arbeiterseelsorge. Pater Meindl ist ein Beispiel für eine Kirche, die nicht darauf wartet, dass die Menschen zu ihr kommen, sondern die auf die Menschen zugeht. Insofern ist er ein Vorbild für die Kirche von heute.</marc:subfield>
   </marc:datafield>
   <marc:datafield ind1=" " ind2=" " tag="300">
      <marc:subfield code="a">58 S.</marc:subfield>
   </marc:datafield>
</marc:record>
